000 00586nam a2200193Ia 4500
003 GCL
008 140319s9999 xx 000 0 ara d
040 _aGCL /
_cGCL
082 0 4 _a657.9
_bع ف
100 1 _aعبدالفتاح الصحن
245 1 0 _aفى محاسبة الشركات: اشخاص واموال /
_cعبدالفتاح الصحن
700 1 _aاحمد بسيونى شحاتة
300 _a648 ص
490 _a100 قصة
_v0
650 0 4 _aالمحاسبة
650 0 4 _aالشركات القابضة
650 0 4 _aالشركات - محاسبة
942 _2ddc
_cBK
999 _c45686
_d45686